Curso de administración moderna (Registro nro. 2276)
[ vista simple ]
| 000 -LEADER | |
|---|---|
| fixed length control field | 01941 a2200229 4500 |
| 001 - CONTROL NUMBER | |
| control field | 32451 |
| 005 - DATE AND TIME OF LATEST TRANSACTION | |
| control field | 20260407155623.0 |
| 008 - FIXED-LENGTH DATA ELEMENTS--GENERAL INFORMATION | |
| fixed length control field | 260407a1968 arg spa d |
| 003 - CONTROL NUMBER IDENTIFIER | |
| control field | AR-UNSa-BCEJYS |
| 040 ## - CATALOGING SOURCE | |
| Original cataloging agency | AR-UNSa-BCEJYS |
| Language of cataloging | spa |
| Transcribing agency | AR-UNSa-BCEJYS |
| 080 ## - UNIVERSAL DECIMAL CLASSIFICATION NUMBER | |
| Universal Decimal Classification number | 658 |
| Common auxiliary subdivision | Administración de empresas. Organización comercial |
| 100 1# - MAIN ENTRY--PERSONAL NAME | |
| Personal name | Koontz, Harold |
| 245 10 - TITLE STATEMENT | |
| Title | Curso de administración moderna |
| Name of part/section of a work | un análisis de las funciones de la administración |
| 250 ## - EDITION STATEMENT | |
| Edition statement | 3a. ed |
| 264 #1 - PRODUCTION, PUBLICATION, DISTRIBUTION, MANUFACTURE, AND COPYRIGHT NOTICE | |
| Place of production, publication, distribution, manufacture | Panamá : |
| Name of producer, publisher, distributor, manufacturer | Libros McGraw-Hill |
| Date of production, publication, distribution, manufacture, or copyright notice | 1968 |
| 300 ## - PHYSICAL DESCRIPTION | |
| Extent | 702 p. |
| Dimensions | 23 cm. |
| 505 ## - FORMATTED CONTENTS NOTE | |
| Formatted contents note | I. Los fundamentos de la administración: 1. El rol de los principios administrativos - 2. Esquemas del análisis administrativo - 3. Las funciones del ejecutivo - 4. Autoridad y responsbilidad - II. La planificación: 5. Naturaleza y propósito de la planificación - 6. Objetivos - 7. Premisas de la planificación - 8. La adopción de las decisiones - 9. La formulación de políticas - 10. Ejecución de la planificación - III. La organizción: 11. Naturaleza y próposito de la organización - 12. El área de la administración - 13. Departamentación básica 14. La asignación de actividades - 15. Relaciones de autoridad entre la linea y la asesoria - 16. Departamento de servicio - 17. Descentralización de autoridad - 18. Los comité - 19. Funcionamiento de la organiazación - IV. El desarrollo del personal: 20. La tarea del ejecutivo - 21. Selección de ejecutivo - 22. Clasificación de ejecutivos - 23. Desarrollo y adiestramiento de ejecutivos - V. La dirección: 24. La naturaleza de la dirección - 25. Motivación - 26. Comunicaciones - 27. Liderato - VI. El control: 28. El proceso de control - 29. Técnicas avanzadas de control - 30. Control global de la empresa - 31. Control de la calidad de la administración. |
| 590 ## - LOCAL NOTE (RLIN) | |
| Local note | niveau_biblio:m niveau_hierar:0 |
| 700 1# - ADDED ENTRY--PERSONAL NAME | |
| Personal name | O' Donnell, Cyril |
| 700 1# - ADDED ENTRY--PERSONAL NAME | |
| Personal name | Pérez Salgado, Ignacio |
| 942 ## - ADDED ENTRY ELEMENTS (KOHA) | |
| Koha item type | |
| Withdrawn status | Lost status | Damaged status | Not for loan | Home library | Current library | Shelving location | Date acquired | Total checkouts | Full call number | Barcode | Date last seen | Price effective from | Koha item type |
|---|---|---|---|---|---|---|---|---|---|---|---|---|---|
| Biblioteca Prof. Eusebio Cleto del Rey | Biblioteca Prof. Eusebio Cleto del Rey | 07/04/2026 | 658 K75 3ed. | L21651 | 07/04/2026 | 07/04/2026 | Libro | ||||||
| Biblioteca Prof. Eusebio Cleto del Rey | Biblioteca Prof. Eusebio Cleto del Rey | 07/04/2026 | 658 K75 3ed. | L22911 | 07/04/2026 | 07/04/2026 | Libro |